Matej Bel - doba, život, dielo

Bibliographic Details
Main Authors: Prikryl, Ľubomír Viliam, 1934- (Author), Ttibenský, Ján (Author)
Format: Article
Language:Slovak
Subjects:

MARC

LEADER 00000nab a2200000 a 4500
001 vtls000320102
003 SK-MaSNL
005 20260304210622.0
008 160215c1988 xo 0 slo
015 |a SNBRB19rr/mm-uuuuu 
035 |a CL0320224 
040 |a SNKBUCL  |b slo  |c SNKBUCL  |e AACR2 
041 0 |a slo 
044 |a xo  |c SK 
080 |a 930.85  |2 1981 
080 |a 929 Bel, Matej  |2 1981 
100 1 |a Prikryl, Ľubomír Viliam,  |d 1934-  |4 aut  |9 210647 
245 1 0 |a Matej Bel - doba, život, dielo  |c Ľubomír V. Prikryl 
600 1 7 |a Bel, Matej,  |d 1684-1749  |2 snkbucl  |9 55205 
655 7 |a články z novín a časopisov  |2 snkbucl  |9 267496 
700 1 |a Ttibenský, Ján  |4 aut  |9 1541978 
773 0 |t Vlastivedný časopis  |g Roč. 37, č. 1 (1988), s. 46-47 
787 0 8 |i Rec.:  |a Ttibenský, Ján  |t Matej Bel - doba, život, dielo  |d Bratislava : Veda, 1987 
850 |a Slovenská národná knižnica v Martine  |a MTA001 
852 |a SNK  |b KIS3GCP 
958 |a BX 
958 |a RK 
992 |a RBX 
999 |c 3126853  |d 3128783